000 00699nam a2200241Ia 4500
003 OSt
005 20220923212356.0
006 a|||||r|||| 00| 0
007 ta
008 220922b |||||||| |||| 00| 0 hin d
024 _a152,463
037 _cTextual
040 _aARTS
_cARTS
_bhin
041 _2hin
_ahin
082 _aN22, 152K2 (TTPH)
100 _aराय कृष्णदास
245 0 _aभारतीय मूर्तिकला
246 _aBhāratīya mūrtikalā
260 _c1962
490 _aदेव पुरस्कार; 1
942 _hN22, 152K2 (TTPH)
_cTEXL
_2CC
999 _c308112
_d308112